Kontrolní orgány v Čínské lidové republice.
V ČĽR sú paralelne tri kontrolné okruhy. Ministerstvo štátnej kontroly, ktorého kontrolné odbory sú zriadené vo všetkých provinciách, oblastiach, mestách a obciach. Minsterstvo financií má systém finančnej kontroly, ktorú vykonáva súbežne s činnosťou ministerstva kontroly. Ďalším kontrolným orgánom...
Salvato in:
| Autore principale: | |
|---|---|
| Natura: | Capitolo di libro |
| Lingua: | ceco |
| Soggetti: | |
| Tags: |
Nessun Tag, puoi essere il primo ad aggiungerne!!
|
MARC
| LEADER | 00000naa a2200000 4500 | ||
|---|---|---|---|
| 001 | r007987 | ||
| 005 | 20220831084340.8 | ||
| 041 | 0 | |a cze | |
| 044 | |a [CS] | ||
| 245 | 1 | 0 | |a Kontrolní orgány v Čínské lidové republice. |c V. Ezr |
| 520 | |a V ČĽR sú paralelne tri kontrolné okruhy. Ministerstvo štátnej kontroly, ktorého kontrolné odbory sú zriadené vo všetkých provinciách, oblastiach, mestách a obciach. Minsterstvo financií má systém finančnej kontroly, ktorú vykonáva súbežne s činnosťou ministerstva kontroly. Ďalším kontrolným orgánom je Štátny úrad finančnej kontroly. | ||
| 610 | 2 | 0 | |a kontrola štátna |
| 610 | 2 | 0 | |a orgány štátne |
| 610 | 2 | 0 | |a kontrola finančná |
| 610 | 2 | 0 | |a Čína |
| 100 | 1 | |a Ezr, V. | |